000 00387nam a2200157Ia 4500
003 GCL
008 140319s9999 xx 000 0 eng d
040 _aGCL /
_cGCL
082 0 4 _a709.012
_bL A
100 1 _aLLOYD, SETON
245 1 0 _aL' ART ANCIEN DU PROCHE- ORIENT /
_cLLOYD, SETON
260 _a[S.N] :
_bLIBRAIRIE LAROUSSE
300 _a302\P
650 0 4 _aARTS
942 _2ddc
_cBK
999 _c22403
_d22403